CAD principles for architectural design : analytical approaches to computational representation of architectural form

Αποθηκεύτηκε σε:
Λεπτομέρειες βιβλιογραφικής εγγραφής
Κύριος συγγραφέας: Szalapaj, Peter
Μορφή: Βιβλίο
Γλώσσα:English
Δημοσίευση: Oxford : Architectural Press, c2001
Θέματα:
Ετικέτες: Προσθήκη ετικέτας
Δεν υπάρχουν, Καταχωρήστε ετικέτα πρώτοι!

MARC

LEADER 00000cam a2200000 i 4500
001 1/36803
008 030404s2001 eng d
020 |a 0-7506-4436-2 
035 |l 10070136 
040 |a GR-MY-UA  |b gre  |e aacr 
041 0 |a eng 
082 0 |a 720.2840285  |2 (21) 
100 1 |a Szalapaj, Peter. 
245 1 0 |a CAD principles for architectural design :  |b analytical approaches to computational representation of architectural form /  |c Peter Szalapaj 
260 |a Oxford :   |b Architectural Press,   |c c2001 
300 |a xiv, 242 σ.;  |b εικ.;  |c 25 εκ. 
504 |a Βιβλιογραφία: σ. 226-233. Ευρετήριο 
650 0 0 |a Architectural design  |x Data processing. 
650 0 0 |a Computer-aided design. 
852 |a INST  |b SYROS  |e 20030404  |h 720.2840285 SZA  |p 005500002482  |q 005500002482  |t BK  |y 0 
852 |a INST  |b SYROS  |e 20030614  |h 720.2840285 SZA  |p 005500003323  |q 005500003323  |t BK  |y 0 
852 |a INST  |b SYROS  |e 20080321  |h 720.2840285 SZA  |p 005500006313  |q 005500006313  |t BK  |y 0 
901 |a BIBL5-2003-2 
909 |a Ε  |b 139861 
909 |a Ε  |b 104480 
909 |a Ε  |b 103711 
922 |a 5ΕΛΗ  |b 200710  |c ΕΠΕΑΕΚ2/ΤΜΣΠΣ  |d ΠΑΠΑΣΩΤΗΡΙΟΥ 
922 |a 5ΕΛΗ  |b 200210  |c ΤΜΣΠΣ  |d ΠΑΠΑΣΩΤΗΡΙΟΥ 
950 |a 183-2002-10-19 
970 |a ΜΑΝΩΛΑΡΑΚΗ  |b ΜΑΡΙΑ  |z 2003/04/04